| 000 | 00723cam a2200229 i 4500 | ||
|---|---|---|---|
| 005 | 20260215105322.0 | ||
| 008 | 250721s1992 le gr 000 j ara d | ||
| 020 | _a1855131242 | ||
| 082 | 1 | 4 |
_aق _bم د و |
| 100 | 1 |
_aالمدور، مروان طه _eمؤلف. |
|
| 245 | 1 | 0 |
_aجنون البقر / _cمروان طه المدور. |
| 246 | 1 | 0 | _aMAD COWS |
| 250 | _aالطبعة الأولى. | ||
| 264 | 3 | 1 |
_aبيروت : _bرياض الريس للنشر، _c1992. |
| 300 | _a287 صفحة. | ||
| 490 | 0 | _aالسلسلة الروائية. | |
| 650 | 1 | 7 | _aالأدب العربي. |
| 650 | 1 | 7 | _aالقصص. |
| 830 | 0 | _aالسلسلة الروائية. | |
| 942 |
_2ddc _cBK |
||
| 999 |
_c99557 _d99557 |
||